Resident Evil Games - Statistics

General Stats
  • This quiz has been taken 1,750 times
    1,478 since last reset
  • The average score is 13 of 25
Answer Stats
Hint Answer % Correct
Resident Evil 2
98%
Resident Evil 3: Nemesis
98%
Resident Evil 4
98%
Resident Evil
97%
Resident Evil 5
97%
Resident Evil 6
97%
Main Series Resident Evil 0
80%
Resident Evil Code: Veronica
73%
Resident Evil: Revelations
65%
Resident Evil: Revelations 2
59%
Outbreak Series Resident Evil Outbreak
53%
The Chronicles Resident Evil: The Umbrella Chronicles
47%
Resident Evil Outbreak File #2
44%
Gun Survivor Series Resident Evil Survivor
43%
Resident Evil (GameCube)
39%
Resident Evil: The Darkside Chronicles
35%
Resident Evil: Dead Aim
26%
Singles Games and Ports Resident Evil: Gaiden
26%
Resident Evil: Operation Raccoon City
25%
Gun Survivor Series Cont. Resident Evil Survivor 2: Code: Veronica (Japan Release Only)
25%
Resident Evil: The Mercenaries 3D
21%
Resident Evil: Deadly Silence
14%
Resident Evil Archives Resident Evil Archives: Resident Evil
3%
Mercenaries Resident Evil: Mercenaries Vs.
3%
Resident Evil Archives: Resident Evil 0
2%
No matching quizzes found
Score Distribution
Percent of People with Each Score
Percentile by Number Answered
Your Score History
You have not taken this quiz since the last reset